| 000 | 01386nam0a2200301 4500 | ||
|---|---|---|---|
| 001 | RU\NLR\BIBL_A\012120601 | ||
| 005 | 20260406124723.0 | ||
| 010 |
_a5-02-029191-9 _92300 |
||
| 035 | _a(NLR Aleph) 012120601 | ||
| 090 |
_a11990853 _c11990853 |
||
| 100 | _a20191015d1988 |||y0rusy50 ca | ||
| 101 | 0 | _arus | |
| 102 | _aRU | ||
| 105 | _aa|||z|||000zy | ||
| 200 | 1 |
_aТеоретические и методологические основы нейропрофилактики _fВ.Д. Трошин, Л.П. Шубина _gАН СССР, Сибирское отделение, Новосибирский институт биоорганической химии |
|
| 210 |
_aНовосибирск _cНаука. Сибирское отделение _d1988 |
||
| 215 |
_a234, [2] с. _cил. _d22 |
||
| 320 | _aБиблиогр.: с. 219-235 | ||
| 606 | 1 |
_aНервные болезни _xПрофилактика _91797171 _3RU\NLR\AUTH\66809384 |
|
| 686 | 3 | _aР11(2)286.1 | |
| 686 | 3 | _aР62-8 | |
| 700 | 1 |
_8rus _7ca _aТрошин _bВ. Д. _cд-р мед. наук _f1932- _gВладимир Дмитриевич _3RU\NLR\AUTH\771217 _9111246 |
|
| 701 | 1 |
_aШубина _bЛ.П. _gЛюдмила Павловна |
|
| 852 |
_aNLR _j88-5/4160 |
||
| 942 | _cBOOK | ||
| 980 | _aNB | ||